Meilleurs Joueurs de Valorant - Statistiques

Statistiques générales
  • Ce quiz a été pris 136 fois
  • Le résultat moyen est 5 sur 15
Statistiques - réponses
Nationalité Personnages % Correct
Vietnamien 🇻🇳 TenZ
93%
Brésilien 🇧🇷 Aspas
76%
Finlandais 🇫🇮 Derke
53%
Anglais 🇬🇧 Boaster
40%
Russe 🇷🇺 Chronicle
40%
Argentin 🇦🇷 Saadhak
40%
Brésilien 🇧🇷 Less
31%
Brésilien 🇧🇷 Sacy
31%
Américain 🇺🇲 Yay
19%
Américain 🇺🇲 Jawgemo
18%
Singapourien 🇸🇬 Jinggg
16%
Letton 🇱🇻 Ardiis
15%
Canadien 🇨🇦 Marved
13%
Américain 🇺🇲 Boostio
11%
Américain 🇺🇲 BcJ
0%
Aucun quiz correspondant
Distribution des résultats
% des personnes avec chaque résultat
Percentile par nombre de réponses
Votre historique - résultats
Vous n’avez pas pris ce quiz